<?xml version="1.0" encoding="UTF-8"?>
<record
    xmlns:xsi="http://www.w3.org/2001/XMLSchema-instance"
    xsi:schemaLocation="http://www.loc.gov/MARC21/slim http://www.loc.gov/standards/marcxml/schema/MARC21slim.xsd"
    xmlns="http://www.loc.gov/MARC21/slim">

  <leader>01471nam a22003017a 4500</leader>
  <controlfield tag="003">DO-SdBNP</controlfield>
  <controlfield tag="005">20231206104443.0</controlfield>
  <controlfield tag="008">210426b 2020 dr  00| 0 spa d</controlfield>
  <datafield tag="020" ind1=" " ind2=" ">
    <subfield code="a"> </subfield>
  </datafield>
  <datafield tag="040" ind1=" " ind2=" ">
    <subfield code="a">BPMSU</subfield>
    <subfield code="b">spa</subfield>
    <subfield code="c">BPMSU</subfield>
  </datafield>
  <datafield tag="082" ind1=" " ind2="4">
    <subfield code="a">RD863.5</subfield>
    <subfield code="b">L693f 2020</subfield>
    <subfield code="2">22</subfield>
  </datafield>
  <datafield tag="092" ind1=" " ind2=" ">
    <subfield code="a"> </subfield>
  </datafield>
  <datafield tag="100" ind1="1" ind2=" ">
    <subfield code="a">Liao, Yuan-Fuei</subfield>
    <subfield code="d"> </subfield>
  </datafield>
  <datafield tag="245" ind1="1" ind2="0">
    <subfield code="a">  Fin fun fan / </subfield>
    <subfield code="c"> Yuan-Fuei Liao ; ilustraci&#xF3;n: Elyoenay Tejada ; direcci&#xF3;n general: Cledenin Veras ; dise&#xF1;o de m&#xE9;todo: Laura V. S&#xE1;nchez-Vincitore</subfield>
  </datafield>
  <datafield tag="260" ind1=" " ind2=" ">
    <subfield code="a">Santo Domingo:</subfield>
    <subfield code="b"> Agencia de los Estados Unidos para el Desarrollo Internacional (USAID) ;</subfield>
    <subfield code="b">Universidad Iberoamericana (UNIBE),</subfield>
    <subfield code="c">2020</subfield>
  </datafield>
  <datafield tag="300" ind1=" " ind2=" ">
    <subfield code="a">9 p. :</subfield>
    <subfield code="b">ils. ;</subfield>
    <subfield code="c">21 cm.</subfield>
  </datafield>
  <datafield tag="490" ind1="0" ind2=" ">
    <subfield code="a">Colecci&#xF3;n de Libros Decodificables USAID-Leer ;</subfield>
    <subfield code="v">D2</subfield>
  </datafield>
  <datafield tag="500" ind1=" " ind2=" ">
    <subfield code="3">Los libros decodificables est&#xE1;n compuestos de textos redactados con dificultad progresiva. Cada etapa decodificable enfatiza ciertas combinaciones de letras y sonidos tomando en cuenta el orden de frecuencia en la que aparecen en el idioma espa&#xF1;ol, y el nivel de dificultad de la relaci&#xF3;n letra-sonidos.</subfield>
  </datafield>
  <datafield tag="505" ind1="0" ind2=" ">
    <subfield code="a"> Tipolog&#xED;as textuales -- Narraci&#xF3;n literaria --  Mensajes de textos</subfield>
  </datafield>
  <datafield tag="590" ind1=" " ind2=" ">
    <subfield code="a">Inventariado, 2023/VM</subfield>
  </datafield>
  <datafield tag="650" ind1=" " ind2="4">
    <subfield code="a">Cuentos juveniles dominicanos </subfield>
  </datafield>
  <datafield tag="650" ind1=" " ind2="4">
    <subfield code="a">Literatura juvenil dominicana</subfield>
  </datafield>
  <datafield tag="650" ind1=" " ind2="4">
    <subfield code="a">Redes sociales </subfield>
    <subfield code="v">Cuentos juveniles. </subfield>
  </datafield>
  <datafield tag="650" ind1=" " ind2="4">
    <subfield code="a">Literatura juvenil dominicana</subfield>
  </datafield>
  <datafield tag="700" ind1="1" ind2=" ">
    <subfield code="3"> Tejada, Elyoenay</subfield>
    <subfield code="e">iss</subfield>
  </datafield>
  <datafield tag="910" ind1=" " ind2=" ">
    <subfield code="a">VMateo V. Control de calidad. BPMSU</subfield>
  </datafield>
  <datafield tag="942" ind1=" " ind2=" ">
    <subfield code="2">ddc</subfield>
    <subfield code="c">BK</subfield>
  </datafield>
  <datafield tag="952" ind1=" " ind2=" ">
    <subfield code="0">0</subfield>
    <subfield code="1">0</subfield>
    <subfield code="2">ddc</subfield>
    <subfield code="4">0</subfield>
    <subfield code="7">0</subfield>
    <subfield code="8">CI-D</subfield>
    <subfield code="a">BPMET</subfield>
    <subfield code="b">BPMET</subfield>
    <subfield code="d">2023-12-06</subfield>
    <subfield code="l">0</subfield>
    <subfield code="o">BPMSU CDI RD863.5 L693f 2020</subfield>
    <subfield code="p">BPMSU23120013</subfield>
    <subfield code="r">2023-12-06</subfield>
    <subfield code="w">2023-12-06</subfield>
    <subfield code="y">BK</subfield>
  </datafield>
  <datafield tag="952" ind1=" " ind2=" ">
    <subfield code="0">0</subfield>
    <subfield code="1">0</subfield>
    <subfield code="2">ddc</subfield>
    <subfield code="4">0</subfield>
    <subfield code="7">0</subfield>
    <subfield code="8">CI-D</subfield>
    <subfield code="a">BPMET</subfield>
    <subfield code="b">BPMET</subfield>
    <subfield code="d">2023-12-06</subfield>
    <subfield code="l">0</subfield>
    <subfield code="o">BPMSU CDI RD863.5 L693f 2020</subfield>
    <subfield code="p">BPMSU23120014</subfield>
    <subfield code="r">2023-12-06</subfield>
    <subfield code="t">e.2</subfield>
    <subfield code="w">2023-12-06</subfield>
    <subfield code="y">BK</subfield>
  </datafield>
  <datafield tag="952" ind1=" " ind2=" ">
    <subfield code="0">0</subfield>
    <subfield code="1">0</subfield>
    <subfield code="2">ddc</subfield>
    <subfield code="4">0</subfield>
    <subfield code="7">0</subfield>
    <subfield code="8">CI-D</subfield>
    <subfield code="a">BPMET</subfield>
    <subfield code="b">BPMET</subfield>
    <subfield code="d">2023-12-06</subfield>
    <subfield code="l">0</subfield>
    <subfield code="o">BPMSU CDI RD863.5 L693f 2020</subfield>
    <subfield code="p">BPMSU23120015</subfield>
    <subfield code="r">2023-12-06</subfield>
    <subfield code="t">e.3</subfield>
    <subfield code="w">2023-12-06</subfield>
    <subfield code="y">BK</subfield>
  </datafield>
  <datafield tag="999" ind1=" " ind2=" ">
    <subfield code="c">14499</subfield>
    <subfield code="d">14499</subfield>
  </datafield>
</record>
